00414nam a2200109Ia 4500008004100000100002800041245007500069260006900144300001100213650001200224856006800236160712s9999 xx 000 0 und d aHernando, Pauline Mari. cPauline Mari HernandoaSulyap sa Akdang-Buhay ni Juan S.P. Hidalgo Jr. c2015bLikhaan: The Journal of Contemporary Philippine Literature avol. 9 xPANAYAM uhttp://journals.upd.edu.ph/index.php/lik/issue/view/539/showToc